山西省市辖区 - Statistics

General Stats
  • This quiz has been taken 18 times
  • The average score is 20 of 26
Answers on the Map
Answers color-coded by a green-red scale on the quiz's map according to % correct below.
 
Answer Stats
Answer % Correct
城区
100%
矿区
100%
城区
100%
杏花岭区
93%
平城区
93%
忻府区
93%
小店区
86%
迎泽区
86%
晋源区
86%
郊区
86%
潞城区
86%
朔城区
86%
榆次区
86%
万柏林区
79%
云冈区
79%
太谷区
79%
盐湖区
79%
尖草坪区
71%
潞州区
64%
尧都区
64%
离石区
64%
云州区
57%
上党区
50%
屯留区
50%
平鲁区
43%
新荣区
36%
No matching quizzes found
Score Distribution
Percent of People with Each Score
Percentile by Number Answered
Your Score History
You have not taken this quiz